00383pab a2200133 454500008004000000100002400040245007700064260000900141300001200150362001100162650002100173650002100194773003400215180718b2014 xxu||||| |||| 00| 0 eng d aPathak, Binay Kumar aCritical look at the Narayana Murthy recommendations of higher education c2014 ap.72-72 a18 May aMurthy, Narayana aHigher education aEconomic and Political Weekly